| 000 | 00799nam a2200217 a 4500 | ||
|---|---|---|---|
| 005 | 20210223130753.0 | ||
| 008 | 081103s1981 mx r 000 0 spa d | ||
| 035 | _aUPN01000164776 | ||
| 049 | _aUNE | ||
| 080 | _a373.3/.4 (910) =20 THO No.85. | ||
| 100 | 1 | _aThomas, R. Murray | |
| 245 | 1 | 0 |
_aDistinguishing "Rural" from "Urban" in educational research projects : _bconclusions from a field experience in Indonesia / _cby R. Murray Thomas. |
| 260 |
_aParís : _bUNESCO ; _aNew York : _bUNICEF, _c1981. |
||
| 300 | _a8 p. | ||
| 440 | 0 |
_aNotes, comments... ; _v85 |
|
| 690 | _aEnseñanza primaria - Zonas rurales - Indonesia | ||
| 690 | _aInvestigacion educacional - Enseñanza primaria - Indonesia | ||
| 710 | 2 |
_aUNICEF _924085 |
|
| 710 | 2 | _aPrograma de Alimentación Mundial | |
| 905 | _aUNESCO | ||
| 999 |
_c136888 _d136888 |
||